| 000 | 00427cam a22001337a 4500 | ||
|---|---|---|---|
| 008 | 180718b1966 xxu||||| |||| 00| 0 eng d | ||
| 082 | _aJ4084x73 I0gre | ||
| 100 | _aIowa state university center | ||
| 245 |
_aResearch and education for regional and area develpment _cby Iowa state university center |
||
| 260 |
_aAmes _bIowa state _c1966 |
||
| 300 | _aviii,287p | ||
| 650 | _aEconomic development. | ||
| 650 | _aRegional planning | ||
| 999 |
_c409378 _d409378 |
||